|
|
|
|
| LEADER |
00000nam0a2200000 4500 |
| 001 |
293006 |
| 005 |
20231102000543.0 |
| 035 |
|
|
|a (RuTPU)RU\TPU\book\317800
|
| 090 |
|
|
|a 293006
|
| 100 |
|
|
|a 20150428d1984 km y0rusy50 ca
|
| 101 |
0 |
|
|a rus
|
| 102 |
|
|
|a RU
|
| 105 |
|
|
|a y z 000zy
|
| 200 |
1 |
|
|a Советская экономика: достижения, проблемы, перспективы
|f Н. А. Тихонов
|
| 210 |
|
|
|a Москва
|c Изд-во АПН
|d 1984
|
| 215 |
|
|
|a 240 с.
|
| 606 |
1 |
|
|a Экономика
|x СССР
|2 stltpush
|3 (RuTPU)RU\TPU\subj\37359
|9 58390
|
| 610 |
1 |
|
|a советская экономика
|
| 610 |
1 |
|
|a экономическая карта мира
|
| 610 |
1 |
|
|a экономическое положение
|
| 610 |
1 |
|
|a экономические связи
|
| 610 |
1 |
|
|a народы России
|
| 610 |
1 |
|
|a хозяйственная политика
|
| 610 |
1 |
|
|a хозяйственная политика
|
| 610 |
1 |
|
|a управление
|
| 610 |
1 |
|
|a продовольственная программа
|
| 610 |
1 |
|
|a материальная база
|
| 610 |
1 |
|
|a разрядка
|
| 610 |
1 |
|
|a благосостояние
|
| 686 |
|
|
|a У9(2)0
|v LBC/SL-A
|2 rubbk
|
| 700 |
|
1 |
|a Тихонов
|b Н. А.
|
| 801 |
|
1 |
|a RU
|b 63413507
|c 20150428
|
| 801 |
|
2 |
|a RU
|b 63413507
|c 20181009
|g RCR
|
| 942 |
|
|
|c BK
|